000 00405 a2200157 4500
005 20250527133052.0
020 _a978-0-273-77983-4
082 _a658.8 KOT
100 _aKOTLER, P.
245 _aMarketing Management
250 _a14th Ed.
260 _aBoston,
_bPearson,
_c2013.
300 _a679p.: ill.; figure, picture, table.
_bGlossary, index.
_c29cm.
700 _aKELLER, K. L.
942 _2ddc
_cBKS
999 _c2740
_d2740